| 000 | 00835nam a2200253 i 4500 | ||
|---|---|---|---|
| 001 | bg | ||
| 100 | 1 |
_aCzarnecki, Witold _d1927- ). |
|
| 245 | 1 | 0 |
_aPodstawy ruralistyki z elementami budownictwa wiejskiego / _cWitold Czarnecki ; Wyższa Szkoła Finansów i Zarządzania. |
| 260 |
_aBiałystok : _bWSFiZ, _c2004. |
||
| 300 |
_a156 s. : _bil. ; _c24 cm. |
||
| 504 | _aBibliogr. | ||
| 650 | 9 | _aBudownictwo wiejskie | |
| 650 | 9 |
_aWieś _xplanowanie przestrzenne |
|
| 655 | _aPodręczniki akademickie | ||
| 710 | 0 | _aWyższa Szkoła Finansów i Zarządzania | |
| 020 | _a8387256668 | ||
| 040 | _cBPK | ||
| 041 | 0 | _apol | |
| 080 | _a711.3:69::631.2](075.8) | ||
| 920 | _a83-87256-66-8 | ||
| 942 | _cKS | ||
| 008 | s pl f |000 0 pol | ||
| 999 |
_c45494 _d45494 |
||
| 856 |
_uhttp://koha.tu.koszalin.pl/cgi-bin/koha/opac-detail.pl?biblionumber=45494 _yKatalog online BPK |
||